| 000 | 00720 a2200205 4500 | ||
|---|---|---|---|
| 020 | _a158488505X | ||
| 020 | _a9781584885054 | ||
| 082 | 0 | 4 | _a511.5 |
| 090 |
_c503 _d503 |
||
| 100 | 1 | _aGross, Jonathan L. | |
| 245 | 1 | 0 |
_aGraph theory and its applications, second edition / _cJonathan L. Gross, Jay Yellen. |
| 250 | _a2nd ed. | ||
| 260 |
_a[S.l.] : _bChapman and Hall/CRC, _c2005. |
||
| 300 |
_a800 p. ; _c26 cm. |
||
| 490 | 1 | _aDiscrete mathematics and its applications. | |
| 700 | 1 | _aYellen, Jay. | |
| 830 | 0 | _aDiscrete mathematics and its applications. | |
| 942 |
_aSNS _cBK _k511.5 GRO |
||
| 999 |
_c29134 _d29134 |
||